Effect of some organic and mineral fertilizer on growth and productivity of foundation potato seeds produced in vitro / (رقم التسجيلة. 178879)
[ عرض عادي ]
| 000 -LEADER | |
|---|---|
| fixed length control field | 04803namaa22004451i 4500 |
| 003 - CONTROL NUMBER IDENTIFIER | |
| control field | EG-GICUC |
| 005 - أخر تعامل مع التسجيلة | |
| control field | 20260312101340.0 |
| 008 - FIXED-LENGTH DATA ELEMENTS--GENERAL INFORMATION | |
| fixed length control field | 260304s2025 ua a|| frm||| 000 0 eng d |
| 040 ## - CATALOGING SOURCE | |
| Original cataloguing agency | EG-GICUC |
| Language of cataloging | eng |
| Transcribing agency | EG-GICUC |
| Modifying agency | EG-GICUC |
| Description conventions | rda |
| 041 0# - LANGUAGE CODE | |
| Language code of text/sound track or separate title | eng |
| Language code of summary or abstract | eng |
| -- | ara |
| 049 ## - Acquisition Source | |
| Acquisition Source | Deposit |
| 082 04 - DEWEY DECIMAL CLASSIFICATION NUMBER | |
| Classification number | 631.8 |
| 092 ## - LOCALLY ASSIGNED DEWEY CALL NUMBER (OCLC) | |
| Classification number | 631.8 |
| Edition number | 21 |
| 097 ## - Degree | |
| Degree | M.Sc |
| 099 ## - LOCAL FREE-TEXT CALL NUMBER (OCLC) | |
| Local Call Number | Cai01.07.14.M.Sc.2025.Al.E |
| 100 0# - MAIN ENTRY--PERSONAL NAME | |
| Authority record control number or standard number | Alzahraa Mohsen Abd El-wahab, |
| Preparation | preparation. |
| 245 10 - TITLE STATEMENT | |
| Title | Effect of some organic and mineral fertilizer on growth and productivity of foundation potato seeds produced in vitro / |
| Statement of responsibility, etc. | by Alzahraa Mohsen Abd El-wahab ; Supervisors Dr. Sahar Sameh Taha, Dr. Ahmed Abdel-Wahab Ahmed, Dr. Ahmed Mohamed Magdy Gabr. |
| 246 15 - VARYING FORM OF TITLE | |
| Title proper/short title | تأثير بعض الاسمدة العضوية والمعدنية على نمو وانتاجية تقاوي الاساس في البطاطس الناتجة معمليا |
| 264 #0 - PRODUCTION, PUBLICATION, DISTRIBUTION, MANUFACTURE, AND COPYRIGHT NOTICE | |
| Date of production, publication, distribution, manufacture, or copyright notice | 2025. |
| 300 ## - PHYSICAL DESCRIPTION | |
| Extent | 109 pages : |
| Other physical details | illustrations ; |
| Dimensions | 25 cm. + |
| Accompanying material | CD. |
| 336 ## - CONTENT TYPE | |
| Content type term | text |
| Source | rda content |
| 337 ## - MEDIA TYPE | |
| Media type term | Unmediated |
| Source | rdamedia |
| 338 ## - CARRIER TYPE | |
| Carrier type term | volume |
| Source | rdacarrier |
| 502 ## - DISSERTATION NOTE | |
| Dissertation note | Thesis (M.Sc)-Cairo University, 2025. |
| 504 ## - BIBLIOGRAPHY, ETC. NOTE | |
| Bibliography, etc. note | Bibliography: pages 83-108. |
| 520 #3 - SUMMARY, ETC. | |
| Summary, etc. | This study was conducted to evaluate whether organic fertilization <br/>alone or with some ameliorative substances could replace mineral <br/>fertilization in minituber potato production to increase the quantity and <br/>quality of two cultivars (Cara and Hermes) of potato minituber produced <br/>from in vitro. Two pots experiments were conducted at the greenhouse of <br/>the Regional Research Center located in New Vally Governorate during the <br/>winter seasons of 2021/2022 and 2022/2023 in Egypt. The experiment <br/>included twelve treatments: 1- 100% compost; 2- 100% seaweed; 3- 100% <br/>compost + vinase; 4- 100%seaweed +vinase; 5- 50%compost +50% NPK; <br/>6- 50%seaweed +50%NPK; 7- 25%compost +75% NPK + vinase; 8- <br/>25%seaweed +75%NPK+Vinase; 9-75 kg K2O/ fed; 10-100kg K2O / fed; <br/>11- 120kg K2O/ fed and 12-25%compost+75 % NPK (control). The <br/>treatments were arranged in completely randomized blocks design with three <br/>replicates. The results indicated that plant height, average minituber weight, <br/>minituber weight/pot and starch % in both seasons, chlorophyll reading in <br/>the first season as well as leave area in the second season were significantly <br/>higher in Cara cultivar than Hermes cultivar, whereas shoot weight in both <br/>seasons, chlorophyll reading in the second season as well as stem number of <br/>potato plant only in the first season were significantly higher in Hermes <br/>cultivar than Cara cultivar. On the other hand, the treatment of 120 kg K2O <br/>caused a significant increment of plant height, leaf area, shoot weight, stem <br/>number starch % and chlorophyll reading, 90 DAP, followed by 100 kg K2O. <br/>Moreover, the mixture among 25% compost+ 75%NPK + vinase gave the <br/>highest values of tubers number, average minituber weight and minituber <br/>weight/pot. |
| 520 #3 - SUMMARY, ETC. | |
| Summary, etc. | هدفت الدراسة إلى تقييم استبدال التسميد المعدني بالتسميد العضوي أو بمزيج من المواد المُحسّنة (مثل الفيناس) لإنتاج درنات بطاطس صغيرة لصنفي "كارا" و"هيرميس" من المزارع النسيجية. أُجريت التجربة داخل صوب بمحافظة الوادي الجديد خلال موسمي 2021/2022 و2022/2023، وشملت 12 معاملة مختلفة بين التسميد العضوي والمعدني ومحسنات النمو. أظهرت النتائج تفوق الصنف "كارا" من حيث صفات الدرنة والنشا، بينما امتاز "هيرميس" في النمو الخضري. وحققت معاملة ٢٥٪ سماد عضوي + ٧٥٪ NPK + فيناس أعلى إنتاجية وجودة. تُوصي الدراسة باستخدام تلك التركيبة لتحسين إنتاج البطاطس وتقليل الاعتماد على التسميد المعدني |
| 530 ## - ADDITIONAL PHYSICAL FORM AVAILABLE NOTE | |
| Issues CD | Issues also as CD. |
| 546 ## - LANGUAGE NOTE | |
| Text Language | Text in English and abstract in Arabic & English. |
| 650 #0 - SUBJECT ADDED ENTRY--TOPICAL TERM | |
| Topical term or geographic name entry element | Fertilizer |
| 650 #0 - SUBJECT ADDED ENTRY--TOPICAL TERM | |
| Topical term or geographic name entry element | الأسمدة |
| 653 #1 - INDEX TERM--UNCONTROLLED | |
| Uncontrolled term | Solanum tuberosum |
| -- | compost |
| -- | seaweed |
| -- | vinasse |
| -- | potassium |
| -- | growth |
| -- | yield |
| -- | بطاطس |
| -- | سماد بوتاسي |
| 700 0# - ADDED ENTRY--PERSONAL NAME | |
| Personal name | Sahar Sameh Taha |
| Relator term | thesis advisor. |
| 700 0# - ADDED ENTRY--PERSONAL NAME | |
| Personal name | Ahmed Abdel-Wahab Ahmed |
| Relator term | thesis advisor. |
| 700 0# - ADDED ENTRY--PERSONAL NAME | |
| Personal name | Ahmed Mohamed Magdy Gabr |
| Relator term | thesis advisor. |
| 900 ## - Thesis Information | |
| Grant date | 01-01-2025 |
| Supervisory body | Sahar Sameh Taha |
| -- | Ahmed Abdel-Wahab Ahmed |
| -- | Ahmed Mohamed Magdy Gabr |
| Discussion body | Ibrahim Abdel Maksoud Ibrahim |
| -- | Mohamed Mohamed Shahein |
| Universities | Cairo University |
| Faculties | Faculty of Agriculture |
| Department | Department of Vegetable Crops |
| 905 ## - Cataloger and Reviser Names | |
| Cataloger Name | Shimaa |
| Reviser Names | Eman Ghareb |
| 942 ## - ADDED ENTRY ELEMENTS (KOHA) | |
| Source of classification or shelving scheme | Dewey Decimal Classification |
| Koha item type | Thesis |
| Edition | 21 |
| Suppress in OPAC | No |
| Source of classification or shelving scheme | Home library | Current library | Date acquired | Inventory number | Full call number | Barcode | Date last seen | Effective from | Koha item type |
|---|---|---|---|---|---|---|---|---|---|
| Dewey Decimal Classification | المكتبة المركزبة الجديدة - جامعة القاهرة | قاعة الرسائل الجامعية - الدور الاول | 04.03.2026 | 93488 | Cai01.07.14.M.Sc.2025.Al.E | 01010110093488000 | 04.03.2026 | 04.03.2026 | Thesis |